IJCAI-85 : Proceedings of the Ninth International Joint Conference on Artificial Intelligence, August 18-23, 1985
Αποθηκεύτηκε σε:
| Συλλογικό Έργο: | , , |
|---|---|
| Άλλοι συγγραφείς: | |
| Μορφή: | Πρακτικό Συνεδρίου Βιβλίο |
| Γλώσσα: | English |
| Δημοσίευση: |
Los Altos, California :
Morgan Kaufmann (distributor),
c1985.
|
| Θέματα: | |
| Ετικέτες: |
Προσθήκη ετικέτας
Δεν υπάρχουν, Καταχωρήστε ετικέτα πρώτοι!
|
MARC
| LEADER | 00000cam a2200000 i 4500 | ||
|---|---|---|---|
| 001 | 1/64398 | ||
| 008 | 960403s1985 cau| ||| |||| ||eng|| | ||
| 020 | |a 0934613028 | ||
| 035 | |a 1995 |c ΔΑΡΖΕΝΤΑΣ |l 10046957 | ||
| 040 | |a GR-MyUa |b gre |e AACR2 | ||
| 041 | 0 | |a eng | |
| 082 | 7 | |a 006.3 |2 (22) | |
| 111 | 2 | |a International Joint Conference on Artificial Intelligence |n (9th : |d 1985 : |c Los Angeles, California) | |
| 245 | 1 | 0 | |a IJCAI-85 : |b Proceedings of the Ninth International Joint Conference on Artificial Intelligence, August 18-23, 1985 / |c Sponsored by International Joint Conferences on Artificial Intelligence, cosponsored and hosted by American Association for Artificial Intelligence in cooperation with University of California at Los Angeles ; Edited by Aravind Joshi. |
| 260 | |a Los Altos, California : |b Morgan Kaufmann (distributor), |c c1985. | ||
| 300 | |a 2 τ. ; |c 28 εκ. | ||
| 500 | |a Περιλαμβάνει βιβλιογραφικές παραπομπές και ευρετήριο. | ||
| 650 | 0 | |a Artificial intelligence |x Congresses. | |
| 700 | 1 | |a Joshi, Aravind K. |q (Aravind Krishna), |d 1929-2017, |e edt | |
| 710 | 2 | |a American Association for Artificial Intelligence. | |
| 710 | 2 | |a University of California, Los Angeles. | |
| 852 | |a INST |b SAMOS |e 19960403 |h 006.3 INT |p 005300005858 |q 005300005858 |t BK |y 0 |z v.1 | ||
| 852 | |a INST |b SAMOS |e 19960403 |h 006.3 INT |p 005300005860 |q 005300005860 |t BK |y 0 |z v.2 | ||
| 852 | |a INST |b SAMOS |e 19960403 |h 006.3 INT |p 005300005858 |q 005300005858 |t BK |v v.1: |y 0 |z v.1 | ||
| 852 | |a INST |b SAMOS |e 19960403 |h 006.3 INT |p 005300005860 |q 005300005860 |t BK |v v.2: |y 0 |z v.2 | ||
| 853 | |a INST |b SAMOS |h 006.3 INT | ||